000 00306nam a22001337a 4500
020 _a81-2860422-8
082 _a823
_bBLY/N
100 _aENID BLYTON
245 _aNODDY AND THE MAGIC RUBBER
260 _aMUMBAI
_bEURO BOOKS
300 _a60
650 _aCHILDRENS STORY BOOKS
_vORIGINAL CLASSICS
942 _cBK
999 _c67
_d67